Reflexiones sobre el ser : (Record no. 192164)

MARC details
000 -LEADER
campo de control de longitud fija 01097nam a2200301 i 4500
001 - NÚMERO DE CONTROL
campo de control 192164
003 - IDENTIFICADOR DE NÚMERO DE CONTROL
campo de control ES-MaACL
005 - FECHA Y HORA DE LA ÚLTIMA TRANSACCIÓN
campo de control 20240127063017.0
008 - DATOS DE LONGITUD FIJA--INFORMACIÓN GENERAL
campo de control de longitud fija 221107s2018 sp a | |||| 000 0 spa
017 ## - NÚMERO DE COPYRIGHT O DE DEPÓSITO LEGAL
Número de copyright o de depósito legal M 28594-2018
Agencia que asigna Oficina Depósito Legal Madrid
020 ## - NÚMERO INTERNACIONAL ESTÁNDAR DEL LIBRO
Número Internacional Estándar del Libro 9788494920714
040 ## - FUENTE DE CATALOGACIÓN
Centro/agencia transcriptor ES-MaACL
080 ## - NÚMERO DE LA CLASIFICACIÓN DECIMAL UNIVERSAL
Número de la Clasificación Decimal Universal 082.2
080 ## - NÚMERO DE LA CLASIFICACIÓN DECIMAL UNIVERSAL
Número de la Clasificación Decimal Universal 821.134.2-82"19"
100 ## - ENTRADA PRINCIPAL--NOMBRE DE PERSONA
Nombre de persona Fernández, Francisco,
Fechas asociadas al nombre 1933-
Término indicativo de función/relación Autor
9 (RLIN) 226209
245 10 - MENCIÓN DEL TÍTULO
Título Reflexiones sobre el ser :
Resto del título atraso de la humanidad : la verdad sin paliativos /
Mención de responsabilidad, etc. Francisco Fernández.
250 ## - MENCION DE EDICION
Mención de edición Primera edición, agosto 2018
260 ## - PUBLICACIÓN, DISTRIBUCIÓN, ETC.
Lugar de publicación, distribución, etc. Madrid :
Nombre del editor, distribuidor, etc. Letra Clara,
Fecha de publicación, distribución, etc. 2018.
300 ## - DESCRIPCIÓN FÍSICA
Extensión 175 páginas :
Otras características físicas ilustraciones (blanco y negro) ;
Dimensiones 16 cm.
500 ## - NOTA GENERAL
Nota general Índice
650 #4 - PUNTO DE ACCESO ADICIONAL DE MATERIA--TÉRMINO DE MATERIA
Término de materia o nombre geográfico como elemento de entrada Citas.
9 (RLIN) 149979
655 #0 - TERMINO DE INDIZACIÓN--GENERO/FORMA
9 (RLIN) 234752
Datos o término principal de género/forma Misceláneas
852 4# - LOCALIZACIÓN
Ubicación ES-MaACL
Número de control de estantería N-8118
Sublocalización o colección R. 152390
Ubicación en estantería Depósito J
Anotaciones manuscritas Dedicatoria autógrafa del autor
Donativo/Legado Donación: Francisco Fernández
itemnumber 199446
903 ## - NOMBRE PERSONAL DE DONANTE
a Fernández, Francisco,
d 1933-
e Donante
9 226209
942 ## - ELEMENTOS DE ENTRADA SECUNDARIOS (KOHA)
Tipo de ítem Koha Libro impreso
Suprimir en OPAC No
Holdings
Estatus retirado Estado de pérdida Fuente del sistema de clasificación o colocación Estado de daño No para préstamo Colección Biblioteca de origen Biblioteca actual Ubicación en estantería Fecha de adquisición Fuente de adquisición Total de préstamos Signatura topográfica completa Código de barras Visto por última vez Tipo de ítem Koha Nota pública
    Clasificación decimal universal     Libros con dedicatorias Biblioteca del Ateneo de Madrid Biblioteca del Ateneo de Madrid Depósito J 07/11/2022 Donación   N-8118 101206417 23/02/2023 Libro impreso Dedicatoria autógrafa del autor